| 000 | 01251nam a22004094a 4500 | ||
|---|---|---|---|
| 001 | 36892 | ||
| 003 | BD-RjUL | ||
| 005 | 20211209052544.0 | ||
| 008 | 140922s2004 njua b 001 0 eng | ||
| 020 | _a0131439812 (hardcover : student ed.) | ||
| 020 | _a0131451405 (Instructor's ed.) | ||
| 020 | _a0131449451 (Test item file) | ||
| 020 | _a013144946X (Transparency pkg.) | ||
| 035 | _a(DNLM)101184574 | ||
| 040 |
_aDNLM/DLC _cDLC _dDLC _dBD-RjUL _beng |
||
| 041 | _aeng | ||
| 060 | 1 | 0 |
_aQH 430 _bL672g 2004 |
| 082 | 0 | 0 |
_a576.5 _222 |
| 100 | 1 |
_aLewin, Benjamin. _9112600 |
|
| 245 | 1 | 0 |
_aGenes VIII / _cBenjamin Lewin. |
| 246 | 3 | _aGenes 8 | |
| 246 | 3 | _aGenes eight | |
| 260 |
_aUpper Saddle River, NJ : _bPearson Prentice Hall, _cc2004. |
||
| 300 |
_axxi, 1027 p. : _bcol. ill. ; _c28 cm. |
||
| 504 | _aIncludes bibliographical references and index. | ||
| 650 | 0 |
_aGenetics. _9112601 |
|
| 650 | 0 |
_aGenes. _9112602 |
|
| 650 | 1 | 2 |
_aGenes _xphysiology. _9112603 |
| 650 | 2 | 2 |
_aCell Physiology. _9112604 |
| 650 | 2 | 2 |
_aDNA _xgenetics. _9112605 |
| 650 | 2 | 2 |
_aGenetic Processes. _9112606 |
| 650 | 2 | 2 |
_aProteins _xgenetics. _9112607 |
| 650 | 2 | 2 |
_aRNA _xgenetics. _9112608 |
| 942 |
_2ddc _cBK |
||
| 999 |
_c36892 _d36892 |
||